Developing managerial skills in organizational behavior : (Record no. 128478)

MARC details
000 -LEADER
fixed length control field 00862nam a22002537a 4500
005 - DATE AND TIME OF LATEST TRANSACTION
control field 20170124110040.0
010 ## - LIBRARY OF CONGRESS CONTROL NUMBER
LC control number A-950942
020 ## - INTERNATIONAL STANDARD BOOK NUMBER
Terms of availability 295.00
International Standard Book Number 8120314859
035 ## - SYSTEM CONTROL NUMBER
System control number A-950942
037 ## - SOURCE OF ACQUISITION
Source of stock number/acquisition Cen Lib/Ret
040 ## - CATALOGING SOURCE
Original cataloging agency DPL
Language of cataloging EN
082 ## - DEWEY DECIMAL CLASSIFICATION NUMBER
Classification number 658.1
Item number MAI
100 ## - MAIN ENTRY--PERSONAL NAME
Personal name Mainiero, Lisa A.
9 (RLIN) 102224
245 ## - TITLE STATEMENT
Title Developing managerial skills in organizational behavior :
Statement of responsibility, etc by Lisa A Mainiero [and] Cheryl L. Tromley
Remainder of title exercises, cases & readings /
250 ## - EDITION STATEMENT
Edition statement 2nd ed
260 ## - PUBLICATION, DISTRIBUTION, ETC. (IMPRINT)
Date of publication, distribution, etc 1999
Place of publication, distribution, etc New Delhi
Name of publisher, distributor, etc Printice-Hall of India
270 ## - ADDRESS
City New Delhi
Address M-97, Cannaught Circus
Postal code 110001
300 ## - PHYSICAL DESCRIPTION
Extent xv,491p.:
Dimensions 25cm(Hb)
Other physical details ill.
500 ## - GENERAL NOTE
General note Includes index<br/>
650 ## - SUBJECT ADDED ENTRY--TOPICAL TERM
Topical term or geographic name as entry element Organizational behavior
9 (RLIN) 12147
650 ## - SUBJECT ADDED ENTRY--TOPICAL TERM
Topical term or geographic name as entry element Organizational behavior -- Case studies
9 (RLIN) 102225
700 ## - ADDED ENTRY--PERSONAL NAME
Personal name Tromley, Cheryl L.
9 (RLIN) 23529
942 ## - ADDED ENTRY ELEMENTS (KOHA)
Source of classification or shelving scheme Dewey Decimal Classification
Koha item type English Books
Classification part 658.1
Call number suffix MAI
Holdings
Withdrawn status Lost status Damaged status Not for loan Home library Current library Date acquired Source of acquisition Cost, normal purchase price Total Checkouts Full call number Barcode Date last seen Copy number Cost, replacement price Price effective from Koha item type Public note
Written off       Central Library Central Library 02/07/2015 Cen Lib/Ret 295.00   658.1 MAI A-950942 02/07/2015 1 295.00 02/07/2015 English Books Written off on approval by DLB (By Circulation); dtd 15-06-2023

© Delhi Public Library
Hit Counter
free hit counter